Women and gender studies in Tanzania : (Record no. 3102)

MARC details
000 -LEADER
fixed length control field 00990nam a2200289 a 4500
001 - CONTROL NUMBER
control field 2122758
003 - CONTROL NUMBER IDENTIFIER
control field OSt
005 - DATE AND TIME OF LATEST TRANSACTION
control field 20160229152804.0
008 - FIXED-LENGTH DATA ELEMENTS--GENERAL INFORMATION
fixed length control field 970213s1995 tz b 001 0 eng
010 ## - LIBRARY OF CONGRESS CONTROL NUMBER
LC control number 96980089
020 ## - INTERNATIONAL STANDARD BOOK NUMBER
International Standard Book Number 9976602790
020 ## - INTERNATIONAL STANDARD BOOK NUMBER
Canceled/invalid ISBN 9676602782 (cover)
040 ## - CATALOGING SOURCE
Original cataloging agency DLC
Transcribing agency DLC
042 ## - AUTHENTICATION CODE
Authentication code lcode
043 ## - GEOGRAPHIC AREA CODE
Geographic area code f-tz---
050 00 - LIBRARY OF CONGRESS CALL NUMBER
Classification number Z7964.T34
Item number M85 1995
082 00 - DEWEY DECIMAL CLASSIFICATION NUMBER
Classification number 305
Edition number 21
Item number MUK 1995
100 1# - MAIN ENTRY--PERSONAL NAME
Personal name Mukangara, Fenella.
9 (RLIN) 6885
245 10 - TITLE STATEMENT
Title Women and gender studies in Tanzania :
Remainder of title an annotated bibliography (1982-1994) /
Statement of responsibility, etc. Fenella Mukangara.
260 ## - PUBLICATION, DISTRIBUTION, ETC. (IMPRINT)
Place of publication, distribution, etc. Dar es Salaam :
Name of publisher, distributor, etc. Dar es Salaam University Press,
Date of publication, distribution, etc. 1995.
300 ## - PHYSICAL DESCRIPTION
Extent xxiii, 245 p. ;
Dimensions 21 cm.
504 ## - BIBLIOGRAPHY, ETC. NOTE
Bibliography, etc Includes bibliographical references (p. xxii-xxiii) and indexes.
650 #0 - SUBJECT ADDED ENTRY--TOPICAL TERM
Topical term or geographic name as entry element Women
Geographic subdivision Tanzania
General subdivision Bibliography.
9 (RLIN) 6886
906 ## - LOCAL DATA ELEMENT F, LDF (RLIN)
a 7
b cbc
c origode
d 2
e ncip
f 19
g y-gencatlg
942 ## - ADDED ENTRY ELEMENTS (KOHA)
Source of classification or shelving scheme Dewey Decimal Classification
Koha item type Short Loan
Holdings
Withdrawn status Lost status Source of classification or shelving scheme Damaged status Not for loan Home library Current library Date acquired Inventory number Total Checkouts Full call number Barcode Date last seen Price effective from Koha item type
    Dewey Decimal Classification     MUST Main Library MUST Main Library 29/02/2016 1998/12034   305 MUK 1995 2016-0254 29/02/2016 29/02/2016 Short Loan
    Dewey Decimal Classification     MUST Main Library MUST Main Library 29/02/2016 1998/12035   305 MUK 1995 2016-0255 29/02/2016 29/02/2016 Short Loan